Pět říší. Podkin a nestvůry z Lesa chmurných srdcí /
Další napínavé vyprávění o legendárním Podkinovi Jednooušku, nejslavnějším hrdinovi Pěti říší.
Uloženo v:
| Série: | Pět říší,
část 3 |
|---|---|
| Hlavní autor: | |
| Další autoři: | , |
| Médium: | E-kniha |
| Jazyk: | Czech |
| Vydáno: |
V Praze :
Albatros,
2024
|
| Vydání: | 1. vydání |
| Témata: | |
| Příbuzné jednotky: | Z cyklu::
Pět říší |
| Tagy: |
Žádné tagy |
| LEADER | 02726nam a2200541 i 4500 | ||
|---|---|---|---|
| 001 | 312519 | ||
| 003 | CZ PrSKC | ||
| 005 | 20260601215724.0 | ||
| 007 | ta | ||
| 008 | 240925s2024 xr a c 000 f cze | ||
| 015 | |a cnb003632488 | ||
| 020 | |a 9788000075037 |q (vázáno) : |c Kč 349,00 | ||
| 035 | |a (OCoLC)1468023571 | ||
| 040 | |a ABG001 |b cze |d ABA001 |e rda | ||
| 041 | 1 | |a cze |h eng | |
| 072 | 7 | |a 821.111-3 |x Anglická próza, anglicky psaná |2 Konspekt | |
| 072 | 7 | |a 821-93 |x Literatura pro děti a mládež (beletrie) |2 Konspekt | |
| 080 | |a 821.111-31 |2 MRF | ||
| 080 | |a 821-93 |2 MRF | ||
| 080 | |a (0:82-31) |2 MRF | ||
| 100 | 1 | |a Larwood, Kieran |7 xx0242120 |4 aut | |
| 240 | 1 | 0 | |a Beasts of Grimheart. |l Česky |
| 245 | 1 | 0 | |a Pět říší. |p Podkin a nestvůry z Lesa chmurných srdcí / |c Kieran Larwood ; ilustroval David Wyatt ; přeložila Veronika Volhejnová |
| 246 | 3 | 0 | |a Podkin a nestvůry z Lesa chmurných srdcí |
| 250 | |a 1. vydání | ||
| 264 | 1 | |a V Praze : |b Albatros, |c 2024 | |
| 300 | |a 210 stran : |b ilustrace ; |c 21 cm | ||
| 336 | |a text |b txt |2 rdacontent | ||
| 337 | |a bez média |b n |2 rdamedia | ||
| 338 | |a svazek |b nc |2 rdacarrier | ||
| 500 | |a Přeloženo z angličtiny | ||
| 500 | |a Na hřbetu označení: 3 | ||
| 520 | 2 | |a Další napínavé vyprávění o legendárním Podkinovi Jednooušku, nejslavnějším hrdinovi Pěti říší. |b Podkin Jednoouško se i se svými sourozenci Půkem a Paz opět ocitá ve smrtelném nebezpečí, protože děsiví Gormové znovu útočí - tentokrát na jejich nový domov v lesní Temnoře. Jedinou záchranou by statečným králíkům a jejich přátelům mohl být posvátný luk. Cesta za ním ovšem vede skrz Les chmurných srdcí - a rozhodně nebude snadná... Nakladatelská anotace. | |
| 521 | 8 | |a Pro čtenáře od 9 let | |
| 655 | 7 | |a anglické romány |7 fd131814 |2 czenas | |
| 655 | 7 | |a publikace pro děti |7 fd133156 |2 czenas | |
| 655 | 9 | |a English fiction |2 eczenas | |
| 655 | 9 | |a children's literature |2 eczenas | |
| 700 | 1 | |a Wyatt, David, |d 1968- |7 xx0054719 |4 ill | |
| 700 | 1 | |a Volhejnová, Veronika, |d 1962- |7 jn20010309724 |4 trl | |
| 765 | 1 | |t Five realms | |
| 787 | 0 | 8 | |i Z cyklu: |t Pět říší |g 3 |
| 900 | |a ABA001 |b 21 | ||
| 928 | 9 | |a Albatros Media - Albatros | |
| 044 | |a xr | ||
| 910 | |a RBIT002 | ||
| 998 | |d 414445 |a https://core.palmknihy.cz/api/books/414445/cover?skg0of |b https://core.palmknihy.cz/api/books/414445/cover/400?skg0of |c https://core.palmknihy.cz/api/books/414445/cover/50?skg0of |e 2028-01-19 |g 224 |i 9788000075037 |j https://core.palmknihy.cz/api/books/414445/preview.epub |k https://core.palmknihy.cz/api/books/414445/preview.pdf |l |q 49 |r 1 |s https://www.palmknihy.cz/kniha/414445 |t ebook |y 2024 |z 0 |v Pět říší |w 3 | ||
| 999 | |d 312517 | ||